[Event "Regionalliga SW 1415"]
[Site "Bayern"]
[Date "2015.02.01"]
[Round "6.8"]
[White "Tebelmann, Lars"]
[Black "Sattler, Henri"]
[Result "1-0"]
[WhiteElo "1995"]
[BlackElo "1336"]
[PlyCount "37"]
[EventDate "2014.10.19"]
[EventType "team-tourn"]
[EventRounds "9"]
[EventCountry "GER"]
[SourceTitle "EXT 2018"]
[Source "ChessBase"]
[SourceDate "2017.10.13"]
[SourceVersion "1"]
[SourceVersionDate "2017.10.13"]
[SourceQuality "1"]
[WhiteTeam "MSA Zugzwang II"]
[BlackTeam "Tuerkheim/Bad Woerishofen"]
[WhiteTeamCountry "GER"]
[BlackTeamCountry "GER"]

1. d4 Nf6 2. Nc3 d6 3. Bg5 Nbd7 4. e4 e5 5. Bc4 Be7 6. Be3 Nb6 7. Be2 0-0 8. h3 Bd7 9. a4 exd4 10. Qxd4 c5 11. Qd2 Bc6 12. a5 Nbd7 13. Bf4 Bxe4 14. Nxe4 Nxe4 15. Qd5 Nef6 16. Qxb7 Qb8 17. a6 Rc8 18. Bf3 Rc7 19. Qxa8 1-0

[Event "Regionalliga SW 1213"]
[Site "Bayern"]
[Date "2012.12.09"]
[Round "4.8"]
[White "Watzenberger, Stefan"]
[Black "Sattler, Henri"]
[Result "1-0"]
[WhiteElo "1949"]
[BlackElo "1327"]
[PlyCount "81"]
[EventDate "2012.10.14"]
[EventType "team-tourn"]
[EventRounds "9"]
[EventCountry "GER"]
[SourceTitle "EXT 2015"]
[Source "ChessBase"]
[SourceDate "2014.11.20"]
[SourceVersion "1"]
[SourceVersionDate "2014.11.20"]
[SourceQuality "1"]
[WhiteTeam "Sendling"]
[BlackTeam "Tuerkheim/Bad Woerishofen"]
[WhiteTeamCountry "GER"]
[BlackTeamCountry "GER"]

1. e4 d6 2. d4 g6 3. Nc3 Bg7 4. f4 b6 5. Nf3 Bb7 6. Bd3 e6 7. 0-0 Ne7 8. Be3 Nd7 9. f5 exf5 10. exf5 Nf6 11. Qe2 0-0 12. Bg5 Qd7 13. Nh4 Ned5 14. Nxd5 Nxd5 15. f6 Rfe8 16. Qf2 Bh8 17. Qg3 Qd8 18. Nxg6 Bxf6 19. Bxf6 Nxf6 20. Ne5+ Kf8 21. Rxf6 dxe5 22. dxe5 Qd4+ 23. Qf2 Qxf2+ 24. Rxf2 Rxe5 25. Raf1 Bd5 26. Bxh7 Bxa2 27. Bg6 Re7 28. b3 Rae8 29. Rxf7+ Rxf7 30. Rxf7+ Kg8 31. Rxc7 Re1+ 32. Kf2 Rd1 33. Rxa7 Rd2+ 34. Kg3 Bb1 35. Rc7 Rd6 36. Bd3 Kf8 37. Rc4 Kg7 38. Rf4 Kh6 39. Rf1 Ba2 40. Rf3 Bb1 41. h3 1-0